Famous People Named MC or DJ - Statistics

General Stats
  • This quiz has been taken 101 times
  • The average score is 4 of 13
Answer Stats
Life Hint Person % Correct
1962– Known for "U Can't Touch This" and "2 Legit 2 Quit" MC Hammer
96%
1965– Collaborated with the Fresh Prince DJ Jazzy Jeff
67%
1975– "I'm So Hood", "All I Do is Win", "I'm on One" DJ Khaled
44%
1898–1972 Dutch artist of tessellations and impossible objects M. C. Escher
44%
1986– Released "Turn Down for What", featuring Lil Jon DJ Snake
23%
1970– The "third" member of Salt-N-Pepa DJ {Spinderella}
21%
1970– "Ruffneck" rapper, a pioneer of female rap MC {Lyte}
17%
1961– Least vocal but longest-lasting member of N.W.A. DJ Yella
16%
1969– N.W.A. member who also recorded Shock of the Hour MC Ren
14%
1972– His 1996 debut Endtroducing was critically acclaimed DJ {Shadow}
10%
1978– Frontman of experimental hip hop group Death Grips MC {Ride}
8%
1977– Founding member of hip hop group Three 6 Mafia DJ {Paul}
7%
1954– "Father of Hip Hop" who said "Throw your hands in the air" DJ {Hollywood}
3%
No matching quizzes found
Score Distribution
Percent of People with Each Score
Percentile by Number Answered
Your Score History
You have not taken this quiz